[Event "Biel"]
[Site "Biel SUI"]
[Date "2018.07.24"]
[EventDate "2018.07.22"]
[Round "3.3"]
[Result "0-1"]
[White "Nico Georgiadis"]
[Black "David Navara"]
[WhiteElo "2526"]
[BlackElo "2741"]
[PlyCount "78"]

1. d4 Nf6 2. c4 g6 3. g3 Bg7 4. Bg2 O-O 5. Nc3 d6 6. Nf3 Nc6
7. O-O e5 8. dxe5 dxe5 9. Bg5 Be6 10. Qa4 Qc8 11. Rfd1 Nd7
12. Nd5 e4 13. Ne1 Nb6 14. Qb3 Bxd5 15. cxd5 Nd4 16. Qe3 Nc4
17. Qxe4 Re8 18. Rxd4 Rxe4 19. Rxe4 Nd6 20. Re3 Bxb2 21. Rd1
a5 22. Rb3 Bg7 23. Bf4 b5 24. Rc1 Qd7 25. Nd3 b4 26. e4 Nb5
27. e5 Rd8 28. Nc5 Qe8 29. Nb7 Rb8 30. d6 cxd6 31. Bc6 Qe6
32. exd6 Nc3 33. Rb2 g5 34. Be3 Nxa2 35. Rxa2 Qxa2 36. d7 Bf6
37. Ba7 Rf8 38. Re1 Qd2 39. Kf1 b3 0-1

[Event "Biel"]
[Site "Biel SUI"]
[Date "2018.07.24"]
[EventDate "2018.07.22"]
[Round "3"]
[Result "1/2-1/2"]
[White "Magnus Carlsen"]
[Black "Peter Svidler"]
[WhiteElo "2842"]
[BlackElo "2753"]
[PlyCount "52"]

1. e4 c5 2. Nf3 d6 3. d4 cxd4 4. Nxd4 Nf6 5. Nc3 a6 6. Bg5
Nbd7 7. Qe2 h6 8. Bh4 g6 9. f4 Qc7 10. O-O-O Bg7 11. g4 e5
12. fxe5 Nxe5 13. h3 Be6 14. Qf2 Nfd7 15. Bb5 O-O 16. Bxd7
Qxd7 17. Nf5 gxf5 18. gxf5 Kh7 19. Rhg1 Bh8 20. Bg3 Rac8
21. Bf4 Qe7 22. fxe6 fxe6 23. Qg3 Rg8 24. Qf2 Rgf8 25. Qg3 Rg8
26. Qf2 Rgf8 1/2-1/2

[Event "Biel"]
[Site "Biel SUI"]
[Date "2018.07.25"]
[EventDate "2018.07.22"]
[Round "4.1"]
[Result "1/2-1/2"]
[White "Nico Georgiadis"]
[Black "Magnus Carlsen"]
[WhiteElo "2526"]
[BlackElo "2842"]
[PlyCount "116"]

1. e4 e6 2. d4 d5 3. Nc3 Bb4 4. e5 c5 5. a3 Ba5 6. b4 cxd4
7. Qg4 Kf8 8. Nb5 Bc7 9. Qxd4 Nc6 10. Qc5+ Nge7 11. Nxc7 Qxc7
12. Nf3 b6 13. Qd6 Qxd6 14. exd6 Nf5 15. Bf4 f6 16. g4 Nfd4
17. Nxd4 Nxd4 18. O-O-O e5 19. Rxd4 exd4 20. Bb5 Bxg4 21. Re1
g5 22. Bg3 Rd8 23. Re7 h5 24. h4 gxh4 25. Bf4 Bf5 26. Rxa7 Rh7
27. Rc7 Bd7 28. Bc6 h3 29. Kd2 Rg7 30. Bh6 Bxc6 31. Rxg7 Rxd6
32. Rg5+ Kf7 33. Rxh5 Bb5 34. Rxh3 Re6 35. Rf3 Kg6 36. Bf4 Rc6
37. Bg3 Rc4 38. Rd3 Kf5 39. Rf3+ Ke6 40. Rd3 f5 41. f3 f4
42. Bf2 Ke5 43. c3 Rc6 44. Rxd4 Rh6 45. Kc1 Rh3 46. Rd2 Rxf3
47. Bd4+ Ke4 48. Kb2 Rd3 49. Rxd3 Kxd3 50. Bxb6 Ba4 51. Ba7 f3
52. Bg1 Kd2 53. Ba7 Bd1 54. Bc5 Ba4 55. Ba7 Ke2 56. c4 d4
57. Bxd4 Kd3 58. Ba7 Kxc4 1/2-1/2

[Event "Biel"]
[Site "Biel SUI"]
[Date "2018.07.26"]
[EventDate "2018.07.22"]
[Round "5"]
[Result "1/2-1/2"]
[White "Peter Svidler"]
[Black "David Navara"]
[WhiteElo "2753"]
[BlackElo "2741"]
[PlyCount "80"]

1. c4 Nf6 2. Nc3 e5 3. Nf3 Nc6 4. e3 Bb4 5. Qc2 Bxc3 6. Qxc3
Qe7 7. b3 d5 8. d4 exd4 9. Nxd4 Nxd4 10. Qxd4 c5 11. Qf4 O-O
12. Bb2 d4 13. O-O-O dxe3 14. Re1 Qe4 15. Qxe3 Bf5 16. Qxe4
Nxe4 17. Bd3 Rfe8 18. Bc2 f6 19. f3 Nd6 20. Bd1 b6 21. Bc3 Nf7
22. g4 Bd7 23. f4 Bc6 24. Rxe8+ Rxe8 25. Re1 Kf8 26. Rxe8+
Kxe8 27. Bc2 h6 28. Kd2 Bf3 29. h3 Bg2 30. h4 Bf3 31. g5 hxg5
32. hxg5 fxg5 33. fxg5 Nxg5 34. Ke3 Bc6 35. Bxg7 Kd7 36. Be5
Kc8 37. Bf5+ Bd7 38. Bc2 Kb7 39. Bc3 Ne6 40. Bf5 Nf8 1/2-1/2

[Event "Biel"]
[Site "Biel SUI"]
[Date "2018.07.27"]
[EventDate "2018.07.22"]
[Round "6"]
[Result "1/2-1/2"]
[White "David Navara"]
[Black "Magnus Carlsen"]
[WhiteElo "2741"]
[BlackElo "2842"]
[PlyCount "89"]

1. d4 Nf6 2. c4 e6 3. Nf3 d5 4. Nc3 c5 5. cxd5 Nxd5 6. e4 Nxc3
7. bxc3 cxd4 8. cxd4 Bb4+ 9. Bd2 Bxd2+ 10. Qxd2 O-O 11. Rc1 b6
12. Bd3 Ba6 13. Bxa6 Nxa6 14. O-O Rc8 15. Rxc8 Qxc8 16. Rc1
Qb7 17. Qc2 Nb4 18. Qc4 a5 19. a3 b5 20. Qc7 Qxc7 21. Rxc7 Nd3
22. g3 Rb8 23. Rc3 Nb2 24. Ne5 f6 25. Nc6 Ra8 26. Rb3 Nc4
27. Rxb5 a4 28. d5 exd5 29. exd5 Nxa3 30. Rc5 Kf7 31. Nd4 Ke7
32. Rc3 Nb1 33. Rc7+ Kd6 34. Nb5+ Kxd5 35. Rc1 a3 36. Rxb1 a2
37. Nc3+ Kd4 38. Nxa2 Rxa2 39. Rb7 Ke4 40. Kg2 g5 41. Rxh7 Kf5
42. Rg7 g4 43. Rh7 Kg6 44. Rh4 f5 45. h3 1/2-1/2

[Event "Biel"]
[Site "Biel SUI"]
[Date "2018.07.29"]
[EventDate "2018.07.22"]
[Round "7"]
[Result "0-1"]
[White "Nico Georgiadis"]
[Black "Peter Svidler"]
[WhiteElo "2526"]
[BlackElo "2753"]
[PlyCount "56"]

1. e4 c5 2. Nf3 d6 3. d4 cxd4 4. Nxd4 Nf6 5. Nc3 a6 6. Be3 e6
7. g4 h6 8. h4 e5 9. Nf5 g6 10. Nxh6 Bxh6 11. Bxh6 Bxg4 12. f3
Bxf3 13. Qxf3 Rxh6 14. O-O-O Nc6 15. Bxa6 Rxa6 16. Rhf1 Nd4
17. Rxd4 exd4 18. Nd5 Rxa2 19. Nxf6+ Kf8 20. Kb1 Ra5 21. Qf4
Kg7 22. b4 Rb5 23. Nd5 f5 24. exf5 Rxd5 25. f6+ Kh7 26. Qe4
Rhh5 27. Qe6 Qf8 28. Qd7+ Kh6 0-1

[Event "Biel"]
[Site "Biel SUI"]
[Date "2018.07.30"]
[EventDate "2018.07.22"]
[Round "8.3"]
[Result "1/2-1/2"]
[White "David Navara"]
[Black "Nico Georgiadis"]
[WhiteElo "2741"]
[BlackElo "2526"]
[PlyCount "102"]

1. d4 d5 2. c4 e6 3. Nc3 Bb4 4. e3 Nf6 5. Nf3 O-O 6. Bd3 b6
7. O-O Bb7 8. cxd5 exd5 9. Ne5 Nbd7 10. f4 c5 11. Ne2 cxd4
12. exd4 Bd6 13. Ng3 Ne4 14. Nf5 Ndf6 15. Qf3 Bc7 16. Be3 Nd6
17. Rac1 Nfe4 18. Nxd6 Bxd6 19. f5 Rc8 20. Rce1 f6 21. Ng6 Re8
22. Nf4 Bxf4 23. Bxf4 Qd7 24. Qd1 Qxf5 25. Bb8 Qe6 26. Bxa7
Ra8 27. Qb3 Qf7 28. Qxb6 Re6 29. Qa5 Bc6 30. Rxe4 dxe4 31. Bc4
Rxa7 32. Qc5 Rc7 33. Rc1 e3 34. b4 e2 35. Re1 Kh8 36. b5 Qe7
37. Bxe6 Qxc5 38. dxc5 Bxb5 39. Bg4 Rxc5 40. Bxe2 Ba4 41. Rb1
g6 42. Rb4 Rc2 43. Bd1 Rc1 44. Rxa4 Rxd1+ 45. Kf2 Rd2+ 46. Kf3
Kg7 47. Ra7+ Kh6 48. a4 Ra2 49. a5 Kg5 50. a6 h5 51. Ra8 Kf5
1/2-1/2

[Event "Biel"]
[Site "Biel SUI"]
[Date "2018.07.30"]
[EventDate "2018.07.22"]
[Round "8.2"]
[Result "1/2-1/2"]
[White "Peter Svidler"]
[Black "Magnus Carlsen"]
[WhiteElo "2753"]
[BlackElo "2842"]
[PlyCount "72"]

1. e4 e5 2. Nf3 Nc6 3. Bb5 Nf6 4. d3 Bc5 5. Bxc6 dxc6 6. Nbd2
Be6 7. Qe2 Nd7 8. Nb3 Bb6 9. Ng5 Nf8 10. Be3 Qe7 11. g3 Bxb3
12. axb3 f6 13. Nf3 Ne6 14. Bxb6 cxb6 15. O-O a6 16. c3 O-O-O
17. Rad1 Kb8 18. Qe3 Ka7 19. d4 exd4 20. Nxd4 Nxd4 21. Rxd4 h5
22. Rfd1 Rxd4 23. cxd4 h4 24. d5 hxg3 25. hxg3 Qe5 26. Qf3
cxd5 27. exd5 Qxb2 28. d6 Rd8 29. d7 Qc2 30. Rd6 Qc5 31. Qd1
Qf5 32. Rd5 Qe4 33. Rd4 Qc6 34. Rd6 Qe4 35. Rd4 Qc6 36. Rd6
Qe4 1/2-1/2

[Event "Biel"]
[Site "Biel SUI"]
[Date "2018.07.31"]
[EventDate "2018.07.22"]
[Round "9"]
[Result "1/2-1/2"]
[White "David Navara"]
[Black "Peter Svidler"]
[WhiteElo "2741"]
[BlackElo "2753"]
[PlyCount "80"]

1. Nf3 Nf6 2. c4 c5 3. d4 cxd4 4. Nxd4 Nc6 5. Nc3 e6 6. a3 Bc5
7. Nb3 Bb6 8. c5 Bc7 9. Bg5 h6 10. Bh4 O-O 11. e3 d5 12. cxd6
Qxd6 13. Bxf6 Qxd1+ 14. Rxd1 gxf6 15. Nb5 Be5 16. f4 Bxb2
17. Rd2 a6 18. Nc7 Ra7 19. Rxb2 b6 20. Nb5 axb5 21. Bxb5 Ne7
22. a4 Bd7 23. Bxd7 Rxd7 24. Kf2 Ra8 25. Ra1 Rda7 26. Nd2 Nd5
27. Nc4 Rxa4 28. Rxa4 Rxa4 29. Nxb6 Nxb6 30. Rxb6 Kg7 31. Kf3
f5 32. h3 h5 33. g4 hxg4+ 34. hxg4 fxg4+ 35. Kxg4 Kg6 36. Kf3
Rc4 37. Rb5 f5 38. Re5 Kf6 39. e4 Rxe4 40. Rxe4 fxe4+ 1/2-1/2